Les films avec Jim Carrey - Statistiques

Statistiques générales
  • Ce quiz a été pris 206 fois
  • Le résultat moyen est 11 sur 25
Statistiques - réponses
Rôles Films % Correct
Un banquier timide qui a le teint vert The Mask
97%
Un croque-mitaine aux poils verts qui déteste Noël Le Grinch
84%
Un homme qui vit une vie téléguidée par une émission de télé The Truman Show
82%
Un détective pour animaux Ace Ventura
79%
Un journaliste qui acquière des pouvoirs divins Bruce Tout puissant
73%
Un banquier qui décide de répondre favorablement à tout Yes Man
73%
Un père de famille qui doit arrêter de mentir pendant une journée Menteur Menteur
72%
Un scientifique tyrannique qui pourchasse un hérisson Sonic
57%
Un chauffeur de limousine un peu débile qui part rendre une mallette pleine d'argent Dumb and Dumber
49%
Un amoureux qui prend une pilule pour oublier totalement son histoire d'amour Eternal Sunshine of the Spotless Mind
49%
Un policier à la double personnalité qui va tomber amoureux d'une femme qu'il doit escorter Fou d'Irène
49%
Un colonel qui dirige une bande de justicier masqués Kick Ass 2
38%
Un contrôleur animalier obsédé par un nombre Le nombre 23
37%
Un installateur de câble de télévision qui veut simplement se faire des amis Disjoncté
33%
Le Sphinx Batman Forever
31%
Un oncle maléfique qui maltraite ses 3 neveux orphelins Les désastreuses aventures des orphelins Baudelaire
28%
Un père de famille qui tombe amoureux d'un autre détenu I Love You Phillip Morris
24%
Un vieil homme dédaigneux et avare qui déteste Noël et va recevoir la visite de trois fantômes Le Drôle de Noël de Scrooge
22%
Un promoteur immobilier voit son appartement envahi par des animaux plutôt rares à New-York Mr Popper et ses pingouins
22%
Un homme qui a tout perdu car la société ou il travaillait à couler et qui décide avec sa femme de gagner de l'argent autrement Braqueurs amateurs
20%
Andy Kaufman dans cette biographie qui raconte la vie du comique Man of the Moon
15%
Un scénariste accusé d'être communiste et qui va perdre la mémoire et endosser l'identité d'un autre The Majestic
11%
Un policier polonais qui enquête sur un meurtre d'un homme d'affaires et qui va découvrir le monde de la corruption et du sexe Dark Murders
6%
Un magicien qui va devenir célèbre à Las Vegas L'Incroyable Burt Wonderstone
5%
Un jeune homme impatient qui devient un vampire après une nuit de débauche Vampire Forever
5%
Aucun quiz correspondant
Distribution des résultats
% des personnes avec chaque résultat
Percentile par nombre de réponses
Votre historique - résultats
Vous n’avez pas pris ce quiz